000 00593nam a2200157 a 4500
008 210211s2003 xx |||||||||||||| || u
020 _a9780536728159
050 _aHB 171.5 Kre
100 _aKreinin, Mordechai E
245 1 0 _aEconomics : an introductory text (4th edition)
_cBy Mordechai E. Kreinin
250 _a4th edition
260 _a
_bPearson-Hall
_c2003
300 _axiv, 498 pages : illustrations
650 0 _aECONOMICS
995 _D90.21
_FCBU-MAIN LIBRARY (Kitwe)
_M1
_UOUT
_WFeb 16, 2021
_ZMain Library Open Access Collection
999 _c40968
_d40968